000 00762nam a2200265Ia 4500
003 OSt
005 20220925233655.0
006 a|||||r|||| 00| 0
007 ta
008 220923b |||||||| |||| 00| 0 eng d
020 _a8126204562
037 _cGeneral Book
040 _aRTL
_cRTL
_beng
041 _2eng
_aeng
082 _aXM8:8, P0/TD
100 _aShivaramu S
_9299166
245 0 _aInternational business
_b Environment and management
250 _a3rd
260 _a New Delhi
_bAnmol
_c2000
300 _axiii, 783p Bibliography chapterwise
_ccm.
650 _aMultinationals
_9231032
700 _a Bhalla V K
_9153493
942 _hXM8:8, P0/TD
_cGB
_2CC
999 _c594241
_d594241